书目信息 |
| 题名: |
海明威回忆录
|
|
| 作者: | Hemingway , 海明威 著 ;孙强 译 | |
| 分册: | ||
| 出版信息: | 杭州 浙江文艺出版社 1985 |
|
| 页数: | 170页 | |
| 开本: | 19cm | |
| 丛书名: | ||
| 单 册: | ||
| 中图分类: | K837.125.6 | |
| 科图分类: | ||
| 主题词: | 作家-中国 , 中国-作家 | |
| 电子资源: | ||
| ISBN: | ||
| 000 | 00855nam0 2200301 45 | |
| 001 | 0185009936 | |
| 005 | 20060804082301.67 | |
| 010 | @dCNY0.83 | |
| 091 | @aCN@b10317.232 | |
| 100 | @a19901008d1985 emky0chiy0121 ea | |
| 101 | 1 | @achi@ceng |
| 102 | @aCN@b330000 | |
| 105 | @af z 000za | |
| 200 | 10 | @a海明威回忆录@Ahai ming wei hui yi lu@f(美)海明威(Hemingway,E.)著@g孙强译 |
| 210 | @a杭州@c浙江文艺出版社@d1985 | |
| 215 | @a170页@c照片@d19cm | |
| 300 | @a本书原名: 流动的圣节 | |
| 517 | 1 | @a流动的圣节@Aliu dong de sheng jie |
| 600 | 1 | @a海明威@bE.@x生平事迹 |
| 606 | @a作家-中国 | |
| 606 | @a中国-作家 | |
| 690 | @aK837.125.6@v3 | |
| 701 | A1 | @aHemingway@bE.@4著 |
| 701 | 1 | @a海明威@Ahai ming wei@bE.@4著 |
| 702 | 0 | @a孙强@Asun qiang@4译 |
| 801 | 2 | @aCN@bNLC@c20060804 |
| 801 | 0 | @aCN@bTSSF |
| 905 | @a10447@dK837.125.6@e363SQ | |
| 海明威回忆录/(美)海明威(Hemingway,E.)著/孙强译.-杭州:浙江文艺出版社,1985 |
| 170页:照片;19cm |
| 本书原名: 流动的圣节 |
| ISBN :CNY0.83 |
| ● |
| 相关链接 |
|
|
|
|
正题名:海明威回忆录
索取号:K837.125.6/363SQ
 
预约/预借
| 序号 | 登录号 | 条形码 | 馆藏地/架位号 | 状态 | 备注 |
| 1 | 0444520 | 204445207 | 第二样本阅览室/ [索取号:K837.125.6/363SQ] | 在馆 |